[Event "Skalica Rapid 2020"]
[Site "Skalica"]
[Date "2020.08.29"]
[Round "6.4"]
[White "Tupy, Emil"]
[Black "Stos, Radek"]
[Result "1-0"]
[WhiteElo "1538"]
[BlackElo "1790"]
[Annotator "NA"]
[PlyCount "59"]
[EventDate "2020.08.29"]
[EventType "swiss"]
[EventCountry "SVK"]
[SourceTitle "playchess.com"]
[Source "ChessBase"]
[SourceQuality "1"]
[TimeControl "600+5"]

1. e4 {[%emt 0:00:00]} c5 {[%emt 0:00:00]} 2. Nf3 {[%emt 0:00:01]} Nc6 {[%emt 0:00:00]} 3. c3 {[%emt 0:00:02]} d6 {[%emt 0:00:00]} 4. d4 {[%emt 0:00:05]} cxd4 {[%emt 0:00:00]} 5. Nxd4 {[%emt 0:00:02]} Bd7 {[%emt 0:00:01]} 6. Bc4 {[%emt 0:00:09]} Nf6 {[%emt 0:00:02]} 7. Nd2 {[%emt 0:00:15]} g6 {[%emt 0:00:02]} 8. O-O {[%emt 0:00:03]} Bg7 {[%emt 0:00:01]} 9. Re1 {[%emt 0:00:03]} O-O {[%emt 0:00:02]} 10. f3 {[%emt 0:00:28]} Rc8 {[%emt 0:00:36]} 11. Bb3 {[%emt 0:00:09]} Nh5 {[%emt 0:00:04]} 12. Nf1 {[%emt 0:00:26]} Na5 {[%emt 0:00:41]} 13. Bc2 {[%emt 0:00:16]} Nc4 {[%emt 0:00:17]} 14. b3 {[%emt 0:00:21]} Nb6 {[%emt 0:00:24]} 15. Qd3 {[%emt 0:00:16]} a6 {[%emt 0:00:23]} 16. Be3 {[%emt 0:00:42]} Bc6 {[%emt 0:00:46]} 17. Rac1 {[%emt 0:00:36]} Nd7 {[%emt 0:00:54]} 18. f4 {[%emt 0:00:32]} e5 {[%emt 0:00:02]} 19. Nxc6 {[%emt 0:00:03]} Rxc6 {[%emt 0:00:02]} 20. f5 {[%emt 0:00:23]} Nf4 {[%emt 0:00:07]} 21. Bxf4 {[%emt 0:00:21]} exf4 {[%emt 0:00:02]} 22. Bb1 {[%emt 0:00:27]} Ne5 {[%emt 0:00:07]} 23. Qd5 {[%emt 0:00:33]} Qg5 {[%emt 0:00:04]} 24. Kh1 {[%emt 0:00:54]} f3 {[%emt 0:00:30]} 25. gxf3 {[%emt 0:00:30]} Nxf3 {[%emt 0:00:04]} 26. Ng3 {[%emt 0:00:34]} Nxe1 {[%emt 0:00:03]} 27. Rxe1 {[%emt 0:00:01]} Bxc3 {[%emt 0:00:03]} 28. fxg6 {[%emt 0:00:10]} hxg6 {[%emt 0:00:02]} 29. Qxg5 {[%emt 0:00:07]} Bxe1 {[%emt 0:00:19]} 30. Nf5 {[%emt 0:00:00]} 1-0

[Event "Skalica Rapid 2020"]
[Site "Skalica"]
[Date "2020.08.29"]
[Round "6.5"]
[White "Pacher Milan"]
[Black "Pniaczek, Marek"]
[Result "1-0"]
[WhiteElo "2452"]
[BlackElo "1969"]
[Annotator "ChessBase"]
[PlyCount "83"]
[EventDate "2020.08.29"]
[EventType "swiss"]
[EventCountry "SVK"]
[SourceTitle "playchess.com"]
[Source "ChessBase"]
[SourceQuality "1"]
[TimeControl "600+5"]

1. e4 {[%emt 0:00:00]} e5 {[%emt 0:00:00]} 2. Nf3 {[%emt 0:00:00]} Nc6 {[%emt 0:00:00]} 3. Bc4 {[%emt 0:00:00]} Bc5 {[%emt 0:00:00]} 4. b4 {[%emt 0:00:01]} Bxb4 {[%emt 0:00:05]} 5. c3 {[%emt 0:00:01]} Ba5 {[%emt 0:00:01]} 6. d4 {[%emt 0:00:05]} Bb6 {[%emt 0:00:01]} 7. dxe5 {[%emt 0:00:25]} Nge7 {[%emt 0:00:12]} 8. Ba3 {[%emt 0:00:32]} O-O {[%emt 0:00:10]} 9. O-O {[%emt 0:00:04]} Na5 {[%emt 0:00:58]} 10. Be2 {[%emt 0:00:04]} Re8 {[%emt 0:00:28]} 11. Nd4 {[%emt 0:00:32]} Nec6 {[%emt 0:00:42]} 12. f4 {[%emt 0:00:11]} d5 {[%emt 0:00:49]} 13. exd6 {[%emt 0:00:38]} Rxe4 {[%emt 0:00:20]} 14. Kh1 {[%emt 0:00:07]} Nxd4 {[%emt 0:00:18]} 15. cxd4 {[%emt 0:00:08]} cxd6 {[%emt 0:01:01]} 16. Nd2 {[%emt 0:00:11]} Re3 {[%emt 0:00:33]} 17. Bb4 {[%emt 0:00:17]} Nc6 {[%emt 0:00:11]} 18. Rb1 {[%emt 0:00:21]} Nxd4 {[%emt 0:00:40]} 19. Nc4 {[%emt 0:00:23]} Rxe2 {[%emt 0:01:11]} 20. Bc3 {[%emt 0:00:23]} Bg4 {[%emt 0:02:55]} 21. Nxb6 {[%emt 0:00:33]} axb6 {[%emt 0:00:08]} 22. Qxd4 {[%emt 0:00:03]} f6 {[%emt 0:00:17]} 23. Rxb6 {[%emt 0:01:20]} d5 {[%emt 0:00:01]} 24. Rxb7 {[%emt 0:00:27]} Raxa2 {[%emt 0:00:18]} 25. Bb2 {[%emt 0:00:18]} h5 {[%emt 0:00:28]} 26. h3 {[%emt 0:00:19]} Bf5 {[%emt 0:00:05]} 27. Rf3 {[%emt 0:00:41]} h4 {[%emt 0:00:07]} 28. Rfb3 {[%emt 0:00:09]} Kh7 {[%emt 0:00:08]} 29. Qd1 {[%emt 0:02:27]} Qe8 {[%emt 0:00:03]} 30. Kh2 {[%emt 0:00:12]} Qe4 {[%emt 0:00:04]} 31. Qf1 {[%emt 0:00:02]} d4 {[%emt 0:00:09]} 32. R3b5 {[%emt 0:00:17]} d3 {[%emt 0:00:06]} 33. Rb4 {[%emt 0:00:28]} Qc6 {[%emt 0:00:07]} 34. R7b6 {[%emt 0:00:16]} Qa8 {[%emt 0:00:04]} 35. Rb8 {[%emt 0:00:13]} Qd5 {[%emt 0:00:05]} 36. R8b5 {[%emt 0:00:02]} Qe6 {[%emt 0:00:07]} 37. Qf3 {[%emt 0:00:09]} Kh6 {[%emt 0:00:05]} 38. Rb8 {[%emt 0:00:06]} d2 {[%emt 0:00:07]} 39. Rh8+ {[%emt 0:00:06]} Bh7 {[%emt 0:00:01]} 40. Rxh7+ {[%emt 0:00:12]} Kxh7 {[%emt 0:00:05]} 41. Qh5+ {[%emt 0:00:02]} Kg8 {[%emt 0:00:00]} 42. Rb8+ {[%emt 0:00:01]} 1-0

[Event "Skalica Rapid 2020"]
[Site "Skalica"]
[Date "2020.08.29"]
[Round "6.5"]
[White "Meszaros, Casey Ryan"]
[Black "Kaplan, Milan"]
[Result "1/2-1/2"]
[WhiteElo "1478"]
[BlackElo "1762"]
[Annotator "NA RC"]
[PlyCount "145"]
[EventDate "2020.08.29"]
[EventType "swiss"]
[EventCountry "SVK"]
[SourceTitle "playchess.com"]
[Source "ChessBase"]
[SourceQuality "1"]
[TimeControl "600+5"]

1. e4 {[%emt 0:00:00]} c5 {[%emt 0:00:00]} 2. c3 {[%emt 0:00:00]} Nf6 {[%emt 0:00:00]} 3. e5 {[%emt 0:00:00]} Nd5 {[%emt 0:00:00]} 4. d4 {[%emt 0:00:00]} cxd4 {[%emt 0:00:00]} 5. cxd4 {[%emt 0:00:00]} d6 {[%emt 0:00:01]} 6. Nf3 {[%emt 0:00:21]} e6 {[%emt 0:00:07]} 7. Nc3 {[%emt 0:00:04]} Nxc3 {[%emt 0:00:17]} 8. bxc3 {[%emt 0:00:03]} Be7 {[%emt 0:00:07]} 9. Bd3 {[%emt 0:00:13]} Nc6 {[%emt 0:00:17]} 10. O-O {[%emt 0:00:25]} dxe5 {[%emt 0:00:05]} 11. Nxe5 {[%emt 0:00:04]} Nxe5 {[%emt 0:00:14]} 12. dxe5 {[%emt 0:00:01]} Bd7 {[%emt 0:00:40]} 13. Qc2 {[%emt 0:00:10]} h6 {[%emt 0:00:23]} 14. Rd1 {[%emt 0:00:23]} Qc7 {[%emt 0:00:05]} 15. f4 {[%emt 0:00:41]} Rc8 {[%emt 0:01:21]} 16. Bd2 {[%emt 0:00:37]} Qc5+ {[%emt 0:00:41]} 17. Kh1 {[%emt 0:00:08]} Bc6 {[%emt 0:00:04]} 18. Be4 {[%emt 0:00:11]} g5 {[%emt 0:01:45]} 19. Bxc6+ {[%emt 0:00:13]} Rxc6 {[%emt 0:00:39]} 20. Qe4 {[%emt 0:01:20]} gxf4 {[%emt 0:00:44]} 21. Qxf4 {[%emt 0:00:04]} Bg5 {[%emt 0:00:25]} 22. Qd4 {[%emt 0:00:21]} O-O {[%emt 0:01:11]} 23. Rac1 {[%emt 0:01:42]} Qxd4 {[%emt 0:00:19]} 24. cxd4 {[%emt 0:00:08]} Rfc8 {[%emt 0:00:21]} 25. Bxg5 {[%emt 0:00:43]} hxg5 {[%emt 0:00:01]} 26. Rxc6 {[%emt 0:00:11]} Rxc6 {[%emt 0:00:02]} 27. h3 {[%emt 0:00:07]} Rc2 {[%emt 0:00:08]} 28. Rb1 {[%emt 0:00:54]} b6 {[%emt 0:00:09]} 29. a4 {[%emt 0:00:20]} Rc4 {[%emt 0:00:17]} 30. a5 {[%emt 0:00:06]} bxa5 {[%emt 0:00:37]} 31. Rb8+ {[%emt 0:00:06]} Kg7 {[%emt 0:00:02]} 32. Rd8 {[%emt 0:00:04]} a4 {[%emt 0:00:03]} 33. Rd7 {[%emt 0:00:09]} Kg6 {[%emt 0:00:11]} 34. g4 {[%emt 0:00:12]} a5 {[%emt 0:00:08]} 35. Ra7 {[%emt 0:00:07]} Rxd4 {[%emt 0:00:05]} 36. Rxa5 {[%emt 0:00:02]} Re4 {[%emt 0:00:18]} 37. Kg2 {[%emt 0:00:06]} a3 {[%emt 0:00:01]} 38. Kf3 {[%emt 0:00:12]} Re1 {[%emt 0:00:08]} 39. Rxa3 {[%emt 0:00:08]} Rxe5 {[%emt 0:00:02]} 40. Ra4 {[%emt 0:00:19]} Rb5 {[%emt 0:00:10]} 41. Ra3 {[%emt 0:00:03]} Rb4 {[%emt 0:00:17]} 42. Rc3 {[%emt 0:00:07]} Kf6 {[%emt 0:00:17]} 43. Re3 {[%emt 0:00:16]} e5 {[%emt 0:00:10]} 44. Rc3 {[%emt 0:00:10]} Ke6 {[%emt 0:00:19]} 45. Rc6+ {[%emt 0:00:15]} Ke7 {[%emt 0:00:03]} 46. Rc7+ {[%emt 0:00:09]} Ke6 {[%emt 0:00:18]} 47. Rc6+ {[%emt 0:00:02]} Kd7 {[%emt 0:00:01]} 48. Rc3 {[%emt 0:00:23]} Kd6 {[%emt 0:00:03]} 49. Ra3 {[%emt 0:00:04]} Rf4+ {[%emt 0:00:07]} 50. Kg3 {[%emt 0:00:10]} Kd5 {[%emt 0:00:04]} 51. Ra8 {[%emt 0:00:25]} f6 {[%emt 0:00:02]} 52. Ra3 {[%emt 0:00:07]} e4 {[%emt 0:00:13]} 53. h4 {[%emt 0:00:23]} Kd4 {[%emt 0:00:09]} 54. hxg5 {[%emt 0:00:05]} fxg5 {[%emt 0:00:02]} 55. Ra4+ {[%emt 0:00:07]} Kd3 {[%emt 0:00:08]} 56. Ra3+ {[%emt 0:00:01]} Kc4 {[%emt 0:00:11]} 57. Ra5 {[%emt 0:00:09]} Rf3+ {[%emt 0:00:02]} 58. Kg2 {[%emt 0:00:04]} Kd3 {[%emt 0:00:01]} 59. Ra3+ {[%emt 0:00:08]} Ke2 {[%emt 0:00:03]} 60. Ra2+ {[%emt 0:00:02]} Ke3 {[%emt 0:00:01]} 61. Ra3+ {[%emt 0:00:01]} Kf4 {[%emt 0:00:02]} 62. Ra4 {[%emt 0:00:06]} Rd3 {[%emt 0:00:06]} 63. Rb4 {[%emt 0:00:20]} Re3 {[%emt 0:00:03]} 64. Kf2 {[%emt 0:00:07]} Rg3 {[%emt 0:00:01]} 65. Rb8 {[%emt 0:00:21]} Kxg4 {[%emt 0:00:03]} 66. Rf8 {[%emt 0:00:04]} e3+ {[%emt 0:00:05]} 67. Ke2 {[%emt 0:00:01]} Kh3 {[%emt 0:00:03]} 68. Re8 {[%emt 0:00:09]} Kg2 {[%emt 0:00:03]} 69. Rf8 {[%emt 0:00:07]} g4 {[%emt 0:00:08]} 70. Re8 {[%emt 0:00:02]} Kg1 {[%emt 0:00:07]} 71. Rg8 {[%emt 0:00:03]} Rg2+ {[%emt 0:00:05]} 72. Kxe3 {[%emt 0:00:02]} g3 {[%emt 0:00:03]} 73. Kf3 1/2-1/2

[Event "Skalica Rapid 2020"]
[Site "Skalica"]
[Date "2020.08.29"]
[Round "6.6"]
[White "Petran, Peter"]
[Black "Jurakic Lukas"]
[Result "1/2-1/2"]
[WhiteElo "2219"]
[BlackElo "1918"]
[Annotator "ChessBase"]
[PlyCount "96"]
[EventDate "2020.08.29"]
[EventType "swiss"]
[EventCountry "SVK"]
[SourceTitle "playchess.com"]
[Source "ChessBase"]
[SourceQuality "1"]
[TimeControl "600+5"]

1. g3 {[%emt 0:00:00]} d5 {[%emt 0:00:02]} 2. Nf3 {[%emt 0:00:00]} g6 {[%emt 0:00:02]} 3. Bg2 {[%emt 0:00:00]} Bg7 {[%emt 0:00:02]} 4. O-O {[%emt 0:00:02]} e5 {[%emt 0:00:01]} 5. c4 {[%emt 0:00:05]} Ne7 {[%emt 0:00:07]} 6. cxd5 {[%emt 0:00:04]} Nxd5 {[%emt 0:00:02]} 7. Nc3 {[%emt 0:00:05]} Ne7 {[%emt 0:00:01]} 8. b4 {[%emt 0:00:14]} a6 {[%emt 0:00:13]} 9. a3 {[%emt 0:00:07]} O-O {[%emt 0:00:06]} 10. Bb2 {[%emt 0:00:13]} Nbc6 {[%emt 0:00:02]} 11. Rc1 {[%emt 0:00:20]} h6 {[%emt 0:00:12]} 12. d3 {[%emt 0:00:05]} Nf5 {[%emt 0:00:20]} 13. Ne4 {[%emt 0:00:09]} Ncd4 {[%emt 0:00:19]} 14. Nfd2 {[%emt 0:00:26]} Ne6 {[%emt 0:00:51]} 15. Nc4 {[%emt 0:00:08]} Nfd4 {[%emt 0:00:29]} 16. e3 {[%emt 0:00:16]} Nc6 {[%emt 0:00:10]} 17. Qb3 {[%emt 0:00:20]} Kh7 {[%emt 0:00:18]} 18. f4 {[%emt 0:00:40]} f5 {[%emt 0:00:21]} 19. Nf2 {[%emt 0:00:10]} exf4 {[%emt 0:00:38]} 20. Bxg7 {[%emt 0:00:12]} Nxg7 {[%emt 0:00:12]} 21. gxf4 {[%emt 0:00:06]} Qf6 {[%emt 0:00:52]} 22. Qc3 {[%emt 0:00:10]} Ne7 {[%emt 0:00:28]} 23. Qxf6 {[%emt 0:00:32]} Rxf6 {[%emt 0:00:01]} 24. Ne5 {[%emt 0:00:05]} c6 {[%emt 0:00:06]} 25. a4 {[%emt 0:01:19]} Be6 {[%emt 0:00:11]} 26. Rc5 {[%emt 0:00:12]} Bb3 {[%emt 0:00:27]} 27. Ra1 {[%emt 0:00:18]} Bd5 {[%emt 0:00:33]} 28. Bf1 {[%emt 0:00:29]} Rd8 {[%emt 0:00:15]} 29. b5 {[%emt 0:00:35]} axb5 {[%emt 0:00:03]} 30. axb5 {[%emt 0:00:05]} Ne6 {[%emt 0:00:12]} 31. Rc2 {[%emt 0:00:18]} cxb5 {[%emt 0:00:24]} 32. Rb2 {[%emt 0:00:13]} g5 {[%emt 0:00:26]} 33. fxg5 {[%emt 0:01:01]} Nxg5 {[%emt 0:00:20]} 34. h4 {[%emt 0:00:38]} Nf3+ {[%emt 0:00:19]} 35. Nxf3 {[%emt 0:00:02]} Bxf3 {[%emt 0:00:02]} 36. Rxb5 {[%emt 0:00:11]} Rg8+ {[%emt 0:00:21]} 37. Kh2 {[%emt 0:00:03]} Rfg6 {[%emt 0:00:10]} 38. e4 {[%emt 0:00:29]} fxe4 {[%emt 0:01:10]} 39. Nxe4 {[%emt 0:00:09]} Nc6 {[%emt 0:01:07]} 40. Rxb7+ {[%emt 0:00:07]} Kh8 {[%emt 0:00:13]} 41. Bh3 {[%emt 0:00:20]} Bxe4 {[%emt 0:00:25]} 42. dxe4 {[%emt 0:00:01]} Ne5 {[%emt 0:00:14]} 43. Rb3 {[%emt 0:00:14]} Ng4+ {[%emt 0:00:14]} 44. Bxg4 {[%emt 0:00:04]} Rxg4 {[%emt 0:00:01]} 45. Re1 {[%emt 0:00:27]} Rxh4+ {[%emt 0:00:02]} 46. Rh3 {[%emt 0:00:02]} Rxh3+ {[%emt 0:00:05]} 47. Kxh3 {[%emt 0:00:05]} Kg7 {[%emt 0:00:15]} 48. Kh4 {[%emt 0:00:02]} Kf6 {[%emt 0:00:03]} 1/2-1/2

[Event "Skalica Rapid 2020"]
[Site "Skalica"]
[Date "2020.08.29"]
[Round "6.6"]
[White "Ihnat, Marek"]
[Black "Striskova, Lucia"]
[Result "1-0"]
[WhiteElo "1738"]
[BlackElo "1706"]
[Annotator "NA RC"]
[PlyCount "151"]
[EventDate "2020.08.29"]
[EventType "swiss"]
[EventCountry "SVK"]
[SourceTitle "playchess.com"]
[Source "ChessBase"]
[SourceQuality "1"]
[TimeControl "600+5"]

1. e4 {[%emt 0:00:00]} e5 {[%emt 0:00:00]} 2. Nc3 {[%emt 0:00:02]} Nf6 3. f4 exf4 {[%emt 0:00:02]} 4. d4 {[%emt 0:00:22]} d6 {[%emt 0:00:01]} 5. Nf3 {[%emt 0:00:03]} Be7 {[%emt 0:00:10]} 6. Bxf4 {[%emt 0:00:03]} O-O {[%emt 0:00:05]} 7. Be2 {[%emt 0:00:21]} Re8 {[%emt 0:00:19]} 8. O-O {[%emt 0:00:05]} Nc6 {[%emt 0:00:17]} 9. d5 {[%emt 0:00:17]} Nb4 {[%emt 0:00:24]} 10. a3 {[%emt 0:00:14]} Na6 {[%emt 0:00:02]} 11. Bxa6 {[%emt 0:00:23]} bxa6 {[%emt 0:00:01]} 12. Qd3 {[%emt 0:00:02]} Rb8 {[%emt 0:00:06]} 13. b3 {[%emt 0:00:07]} Nh5 {[%emt 0:00:32]} 14. Be3 {[%emt 0:00:14]} Bf6 {[%emt 0:00:33]} 15. Nd4 {[%emt 0:01:08]} Be5 {[%emt 0:00:27]} 16. Nc6 {[%emt 0:01:08]} Qh4 {[%emt 0:00:05]} 17. Nxe5 {[%emt 0:00:21]} Rxe5 18. Bxa7 {[%emt 0:00:37]} Rb7 {[%emt 0:01:34]} 19. Bd4 {[%emt 0:00:02]} Rg5 {[%emt 0:00:10]} 20. Qf3 {[%emt 0:00:02]} f6 {[%emt 0:00:51]} 21. Be3 {[%emt 0:01:00]} Rg6 {[%emt 0:00:18]} 22. Bf2 {[%emt 0:01:07]} Qg5 {[%emt 0:00:16]} 23. Be3 {[%emt 0:00:56]} Qe5 {[%emt 0:00:10]} 24. Ne2 {[%emt 0:00:20]} Bg4 {[%emt 0:00:10]} 25. Qf2 {[%emt 0:00:10]} Bh3 {[%emt 0:02:11]} 26. Bf4 {[%emt 0:00:48]} Qxe4 {[%emt 0:00:11]} 27. Ng3 {[%emt 0:00:57]} Nxg3 {[%emt 0:00:13]} 28. Bxg3 {[%emt 0:00:05]} Bd7 {[%emt 0:00:08]} 29. Rad1 {[%emt 0:00:12]} Rb8 {[%emt 0:00:43]} 30. Rfe1 {[%emt 0:00:02]} Qg4 {[%emt 0:00:04]} 31. Qa7 {[%emt 0:00:23]} Re8 {[%emt 0:00:16]} 32. Qxc7 {[%emt 0:00:07]} Rxe1+ {[%emt 0:00:20]} 33. Rxe1 {[%emt 0:00:01]} h5 {[%emt 0:00:01]} 34. Qxd6 {[%emt 0:00:40]} h4 {[%emt 0:00:05]} 35. Re3 {[%emt 0:00:18]} hxg3 {[%emt 0:00:11]} 36. Rxg3 {[%emt 0:00:03]} Qd1+ {[%emt 0:00:03]} 37. Kf2 {[%emt 0:00:00]} Qd2+ {[%emt 0:00:07]} 38. Kf1 {[%emt 0:00:09]} Qd1+ {[%emt 0:00:46]} 39. Kf2 {[%emt 0:00:01]} Qxc2+ {[%emt 0:00:01]} 40. Ke1 {[%emt 0:00:07]} Qc1+ {[%emt 0:00:14]} 41. Kf2 {[%emt 0:00:01]} Qd2+ {[%emt 0:00:02]} 42. Kf3 {[%emt 0:00:06]} Qd3+ {[%emt 0:00:22]} 43. Kf2 {[%emt 0:00:02]} Rxg3 {[%emt 0:00:12]} 44. hxg3 {[%emt 0:00:01]} Bg4 {[%emt 0:00:06]} 45. Qf4 {[%emt 0:00:12]} Qe2+ {[%emt 0:00:10]} 46. Kg1 {[%emt 0:00:01]} Qd1+ {[%emt 0:00:12]} 47. Kh2 {[%emt 0:00:06]} Bh5 {[%emt 0:00:17]} 48. d6 {[%emt 0:00:06]} Be8 {[%emt 0:00:05]} 49. Qc4+ {[%emt 0:00:05]} Kh7 {[%emt 0:00:02]} 50. Qh4+ {[%emt 0:00:13]} Kg8 {[%emt 0:00:12]} 51. Qc4+ {[%emt 0:00:05]} Bf7 {[%emt 0:00:07]} 52. Qc8+ {[%emt 0:00:02]} Kh7 {[%emt 0:00:01]} 53. Qf5+ {[%emt 0:00:12]} Bg6 {[%emt 0:00:09]} 54. Qh3+ {[%emt 0:00:05]} Kg8 {[%emt 0:00:07]} 55. Qc8+ {[%emt 0:00:05]} Kh7 {[%emt 0:00:12]} 56. d7 {[%emt 0:00:00]} Qh5+ {[%emt 0:00:06]} 57. Kg1 {[%emt 0:00:01]} Qd1+ {[%emt 0:00:03]} 58. Kf2 {[%emt 0:00:01]} Qd2+ {[%emt 0:00:03]} 59. Kf3 {[%emt 0:00:16]} Qd3+ {[%emt 0:00:02]} 60. Kf4 {[%emt 0:00:10]} Qd4+ {[%emt 0:00:06]} 61. Kf3 {[%emt 0:00:01]} Be4+ {[%emt 0:00:03]} 62. Ke2 {[%emt 0:00:02]} Qd3+ {[%emt 0:00:04]} 63. Ke1 {[%emt 0:00:11]} Qe3+ {[%emt 0:00:04]} 64. Kd1 {[%emt 0:00:03]} Qxb3+ {[%emt 0:00:04]} 65. Kd2 {[%emt 0:00:02]} Qd3+ {[%emt 0:00:01]} 66. Kc1 {[%emt 0:00:04]} Qxa3+ {[%emt 0:00:05]} 67. Kd2 {[%emt 0:00:04]} Qd3+ {[%emt 0:00:02]} 68. Kc1 {[%emt 0:00:01]} Qf1+ {[%emt 0:00:06]} 69. Kb2 {[%emt 0:00:05]} Qb5+ {[%emt 0:00:10]} 70. Kc1 {[%emt 0:00:03]} Qb1+ {[%emt 0:00:08]} 71. Kd2 {[%emt 0:00:01]} Qd3+ {[%emt 0:00:04]} 72. Kc1 {[%emt 0:00:01]} Qe3+ {[%emt 0:00:08]} 73. Kb2 {[%emt 0:00:04]} Qd2+ {[%emt 0:00:02]} 74. Kb3 {[%emt 0:00:06]} Bd5+ {[%emt 0:00:02]} 75. Ka4 {[%emt 0:00:27]} Qa2+ {[%emt 0:00:06]} 76. Kb4 {[%emt 0:00:01]} 1-0

[Event "Skalica Rapid 2020"]
[Site "Skalica"]
[Date "2020.08.29"]
[Round "6.7"]
[White "O`gorman Tom"]
[Black "Beres, Tomas"]
[Result "1-0"]
[WhiteElo "2027"]
[BlackElo "1956"]
[Annotator "ChessBase"]
[PlyCount "102"]
[EventDate "2020.08.29"]
[EventType "swiss"]
[EventCountry "SVK"]
[SourceTitle "playchess.com"]
[Source "ChessBase"]
[SourceQuality "1"]
[TimeControl "600+5"]

1. e4 {[%emt 0:00:00]} c5 {[%emt 0:00:00]} 2. Nf3 {[%emt 0:00:00]} Nc6 {[%emt 0:00:01]} 3. d4 {[%emt 0:00:00]} cxd4 {[%emt 0:00:00]} 4. Nxd4 {[%emt 0:00:00]} g6 {[%emt 0:00:00]} 5. c4 {[%emt 0:00:01]} Nf6 {[%emt 0:00:00]} 6. Nc3 {[%emt 0:00:01]} Nxd4 {[%emt 0:00:02]} 7. Qxd4 {[%emt 0:00:02]} d6 {[%emt 0:00:01]} 8. Be3 {[%emt 0:00:04]} Bg7 {[%emt 0:00:01]} 9. Qd2 {[%emt 0:00:02]} O-O {[%emt 0:00:07]} 10. Be2 {[%emt 0:00:09]} a5 {[%emt 0:00:02]} 11. O-O {[%emt 0:00:13]} a4 {[%emt 0:00:01]} 12. Rfd1 {[%emt 0:00:19]} Qa5 {[%emt 0:00:02]} 13. Rac1 {[%emt 0:00:20]} Be6 {[%emt 0:00:03]} 14. f3 {[%emt 0:00:46]} Nd7 {[%emt 0:00:04]} 15. Nb5 {[%emt 0:00:26]} Qxd2 {[%emt 0:00:53]} 16. Rxd2 {[%emt 0:00:01]} Rfc8 {[%emt 0:00:05]} 17. f4 {[%emt 0:00:37]} Nc5 {[%emt 0:00:26]} 18. Bf3 {[%emt 0:00:04]} Bd7 {[%emt 0:00:09]} 19. Nc3 {[%emt 0:00:37]} Bc6 {[%emt 0:00:16]} 20. Bxc5 {[%emt 0:00:49]} dxc5 {[%emt 0:00:03]} 21. e5 {[%emt 0:00:05]} Bxf3 {[%emt 0:00:46]} 22. gxf3 {[%emt 0:00:00]} Bh6 {[%emt 0:01:21]} 23. Rd7 {[%emt 0:00:03]} Bxf4 {[%emt 0:00:21]} 24. Re1 {[%emt 0:00:05]} e6 {[%emt 0:01:01]} 25. Rxb7 {[%emt 0:00:23]} a3 {[%emt 0:00:17]} 26. Re2 {[%emt 0:00:45]} axb2 {[%emt 0:00:37]} 27. Rbxb2 {[%emt 0:00:01]} Ra3 {[%emt 0:00:29]} 28. Rb3 {[%emt 0:01:09]} Rxb3 {[%emt 0:00:24]} 29. axb3 {[%emt 0:00:00]} Rb8 {[%emt 0:00:39]} 30. Nb5 {[%emt 0:00:20]} Ra8 {[%emt 0:00:08]} 31. Kg2 {[%emt 0:00:14]} Ra1 {[%emt 0:00:08]} 32. Nd6 {[%emt 0:00:56]} Rb1 {[%emt 0:00:31]} 33. Nb7 {[%emt 0:00:04]} Rxb3 {[%emt 0:00:33]} 34. Nxc5 {[%emt 0:00:02]} Rc3 {[%emt 0:00:15]} 35. Re4 {[%emt 0:00:01]} Rc2+ {[%emt 0:00:31]} 36. Kh1 {[%emt 0:00:01]} Bxh2 {[%emt 0:00:35]} 37. Nd3 {[%emt 0:00:07]} Bg3 {[%emt 0:00:17]} 38. Nb4 {[%emt 0:00:17]} Rb2 {[%emt 0:00:50]} 39. Nd3 {[%emt 0:01:13]} Rb3 {[%emt 0:00:07]} 40. Kg2 {[%emt 0:00:25]} Rxd3 {[%emt 0:00:30]} 41. Kxg3 {[%emt 0:00:01]} Kf8 {[%emt 0:00:09]} 42. Kg4 {[%emt 0:00:12]} h6 {[%emt 0:00:06]} 43. f4 {[%emt 0:00:30]} Ke7 {[%emt 0:00:00]} 44. Re1 {[%emt 0:00:07]} Rc3 {[%emt 0:00:02]} 45. Re4 {[%emt 0:00:01]} Kd7 {[%emt 0:00:20]} 46. Rd4+ {[%emt 0:00:01]} Kc7 {[%emt 0:00:05]} 47. Kh4 {[%emt 0:00:06]} Kc6 {[%emt 0:00:21]} 48. Kg4 {[%emt 0:00:03]} Kc5 {[%emt 0:00:12]} 49. Rd7 {[%emt 0:00:02]} Rxc4 {[%emt 0:00:02]} 50. Rxf7 {[%emt 0:00:27]} g5 {[%emt 0:00:01]} 51. Rc7+ {[%emt 0:00:02]} Kd5 {[%emt 0:00:02]} 1-0